000 02391nam a2200421 a 4500
001 000000266
003 DO-SdBNP
005 20251027112126.0
007 ta
008 240325s2006 dr abc r 000 0 spa d
040 _aDO-SdBNP
_bspa
_cBNPHU
_erda
082 _a917
_bC719g, 2006
_222
100 1 _aColón, Juan,
_d1962-
_eautor
_9863
245 1 0 _aGeografía e historia de América y de los pueblos del Caribe :
_b2do. grado del 1er. ciclo /
_cJuan Colón.
250 _a4a edición
264 _aSanto Domingo :
_bSecretaría de Estado de Educación,
_bEducando,
_c2006.
300 _a247 paginas. :
_bilustraciones mapas., retratoss. ;
_c27 cm.
336 _2rdacontent
_atexto
_btxt
337 _2rdamedia
_asin mediación
_bn
338 _2rdacarrier
_avolumen
_bnc
500 _aIncluye datos biografícos del autor en la contracubierta.
500 _aProhibida su venta, propiedad de la Secretaria de Estado de Educación
505 0 _gUnidad 1.
_tEl continente americano --
_gUnidad 2.
_tCulturas clásicas americanas y caribeñas --
_gUnidad 3.
_tLa Colonización Europea --
_gUnidad 4.
_tMovimientos emancipadores e integracionistas de América --
_gUnidad 5.
_tFormación de nuevas naciones en el Caribe. Guerra hispanoamericana. Injerencia e intervención de Estados Unidos en América Central y las Antillas --
_gUnidad 6.
_tDiversidad histórico-Social del continente americano --
_gUnidad 7.
_tDesarrollo económico, tecnológico y cultural, así como problemas demográficos y subdesarrollo de los pueblos de América hoy --
_gUnidad 8.
_tRecursos de América y del Caribe --
_gUnidad 9.
_tEl Proceso de urbanización en América. Relaciones políticas, económicas y culturales.
590 _aInventariado, 2024/DG
650 4 _aGeografía
_xLibros texto
_9864
650 4 _aGeografía
_xProblemas, ejercicios, etc,.
_976740
650 4 _aGeografía
_xEnseñanza secundaria
_976742
650 4 _aHistoria
_xEnseñanza secundaria
_976743
651 4 _aAmérica
_xHistoria
_xLibros de texto
_9865
651 0 _aCaribe (Región)
_xDescripciones y viajes
_987401
651 4 _aAmérica
_xDescripciones y viajes
_9867
651 4 _aAmérica
_xCondiciones económicas
_9868
651 4 _aAmérica
_xAspectos sociales
_9869
651 4 _aAmérica
_xAspectos políticos
_9870
651 0 _aCaribe (Región)
_xHistoria
_xProblemas, ejercicios, etc.
_987401
910 _aDG
942 _2ddc
_cLBS1
999 _c56193
_d56193